Central Library OPAC University of Rajshahi

A history of pre-Buddhistic Indian philosophy / (Record no. 31457)

MARC details
000 -LEADER
fixed length control field 00893nam a22002777a 4500
001 - CONTROL NUMBER
control field 31457
003 - CONTROL NUMBER IDENTIFIER
rucl marc code BD-RjUL
005 - DATE AND TIME OF LATEST TRANSACTION
control field 20211209051714.0
008 - FIXED-LENGTH DATA ELEMENTS--GENERAL INFORMATION
fixed length control field 140416r19811921ii ab 001 0 eng
035 ## - SYSTEM CONTROL NUMBER
System control number (BD-RjUL)
040 ## - CATALOGING SOURCE
Original cataloging agency DLC
Transcribing agency DLC
Language of cataloging eng
Modifying agency BD-RjUL
041 ## - LANGUAGE CODE
Language code of text/sound track or separate title eng
082 00 - DEWEY DECIMAL CLASSIFICATION NUMBER
Classification number 181.4
Author mark and year BAH 1981
100 1# - MAIN ENTRY--PERSONAL NAME
Personal name Barua, Beni Madhab,
Dates associated with a name 1888-1948.
9 (RLIN) 48905
245 12 - TITLE STATEMENT
Title A history of pre-Buddhistic Indian philosophy /
Statement of responsibility, etc. by Benimadhab Barua.
260 ## - PUBLICATION, DISTRIBUTION, ETC. (IMPRINT)
Place of publication, distribution, etc. Delhi :
Name of publisher, distributor, etc. Motilal banarsidass,
Date of publication, distribution, etc. 1921 [Reprinted 1981].
300 ## - PHYSICAL DESCRIPTION
Pagination xxiv, 444 p. ;
Size 24 cm.
500 ## - GENERAL NOTE
General note Master microform held by: ICRL.
504 ## - BIBLIOGRAPHY, ETC. NOTE
Bibliography, etc Includes bibliographical references and index.
650 #0 - SUBJECT ADDED ENTRY--TOPICAL TERM
Topical term or geographic name as entry element Philosophy, Indic.
9 (RLIN) 95708
830 #0 - SERIES ADDED ENTRY--UNIFORM TITLE
Volume number/sequential designation item 06935.
Uniform title SAMP early 20th-century Indian books project ;
942 ## - ADDED ENTRY ELEMENTS (KOHA)
Source of classification or shelving scheme Dewey Decimal Classification
Koha item type Books
Holdings
Lost status Source of classification or shelving scheme Damaged status Not for loan Collection code Permanent Location Current Location Shelving location Date acquired Source of acquisition Cost, normal purchase price Total Checkouts Full call number Date last seen Copy number Koha item type
  Dewey Decimal Classification   Not For Loan Non-fiction Central Library, University of Rajshahi Central Library, University of Rajshahi Reading Room 11/03/1984 N/A 0.00   181.4 BAH 1981 16/04/2014 C-1 Books